Die größten Städte Europas - Statistiken

Allgemein
  • Dieses Quiz wurde 187 mal gespielt
    38 seit der letzten Aktualisierung
  • Das Durchschnittsergebnis liegt bei 8 aus 10
Antwortstatistiken
Rang Einwohner Stadt % Korrekt
5 3.770.800 Berlin
100%
3 8.866.180 London
100%
2 12.455.682 Moskau
100%
9 2.139.907 Paris
97%
6 3.340.176 Madrid
94%
8 2.749.031 Rom
91%
1 15.907.951 Istanbul
84%
10 2.006.134 Wien
69%
4 5.384.342 Sankt Petersburg
63%
7 2.952.301 Kiew
47%
Keine übereinstimmenden Quizze gefunden
Verteilung der Resultate
Anzahl Personen mit jedem Resultat
Perzentil nach korrekt beantworteten Fragen
Ihre Resultats-Entwicklung
Sie haben dieses Quiz seit der letzten Aktualisierung nicht gespielt